000 00477cam a2200181ua 4500
001 5115
008 120812n ii |||gr||||Z||||||eng
040 _cMAIN
082 _a824
100 _aAddison and Steele,
_eAuthor,
245 1 1 _aCoverley papers from the spectator
_cby Addison and Steele
250 _a5th.
260 _abareilly:
_bPrakash book depot.,
_c1997.
300 _a339p:
_c23cm.
653 _aEnglish essays
700 _aAgarwal, S. C.,
_eEditor,
942 _cBK
999 _c4297
_d4297